| 000 | 00631nam a2200205Ia 4500 | ||
|---|---|---|---|
| 003 | IN-BaIIA | ||
| 008 | 211028s9999 xx 000 0 eng d | ||
| 020 | _a0-7065-11034 | ||
| 040 | _cIIA Library | ||
| 080 |
_a535.33 _bSUS |
||
| 100 |
_aSushchinskii, M. M _98329 |
||
| 245 | 0 |
_aRaman spectra of molecules and Crystals _cM. M. Suchchinskii |
|
| 260 |
_aNew York _bIsrael Program for Scientific Translations _c1972 |
||
| 300 | _aix, 446p. | ||
| 650 |
_a Molecular Spectra _98330 |
||
| 650 |
_a Raman Spectra _98331 |
||
| 650 |
_a Spectroscopy _97837 |
||
| 650 |
_aAstronomy and Astrophysics Thesaurus _91143 |
||
| 942 | _cBK | ||
| 999 |
_c4705 _d4705 |
||